000 01105cab a2200313 4500
001 ABS55766
008 090401t1996 xxu||||| |||| 00| 0 eng d
035 _a(Sirsi) u18672
041 _aeng
100 _aMinogue, A.
245 4 _aThe mechanics of quantum
260 _c1996
350 _a0
490 _aBuilding
_v261(7958) 20 September 1996, 36(1)
520 _aUses case law to illustrate the problem of quantum of damages for breach of contract, which remains unresolved by the Housing Grants, Construction and Regeneration Act 1996.
650 _aBOVIS V THE CIRCLE
650 _aBREACH OF CONTRACT
650 _aBRITISH WESTINGHOUSE CO V UNDERGROUND ELECTRIC RAILWAYS
650 _aDAMAGES
650 _aDARLINGTON BC V WILTSHIER NORTHERN
650 _aDUNLOP V LAMBERT
650 _aHOUSING GRANTS CONSTRUCTION AND REGENERATION ACT 1996
650 _aQUANTUM
650 _aST ALBANS V ICL
650 _aST MARTINS PROPERTY CORPORATION LTD V SIR ROBERT MCALPINE AND SONS LTD
690 _aBUILT ENVIRONMENT-BUILDING CONTRACT FORMS
942 _n0
948 _c04/03/1997
999 _c12426
_d12426